000 00724nam a22002177a 4500
005 20120604113912.0
008 120604t xxu||||| |||| 00| 0 eng d
010 _aENG-105414
020 _a9788190939157
_c250.00
035 _aEN-88947
037 _bDBAD/PUB
040 _aDPL
_bEng
082 _aN
100 _aDesai, Salil
_948382
245 _aThe body in the back seat /
_cby Salil Desai
260 _aDelhi
_bGyanna Books
_c2011
270 _aS-12, Plot No. B-7, Street no. 13, Madhu Vihar Market, Patpadganj
_bDelhi
_e110092
300 _a254p.
_c22cm(pbk)
942 _2ddc
_cEN
_hN
_mDES
999 _c67452
_d67452